|
|
|
|
| LEADER |
00000cam a2200000 a 4500 |
| 001 |
vtls010461806 |
| 003 |
SK-MaSNL |
| 005 |
20260425232930.0 |
| 008 |
240318s2012 xo n 000 0 eng |
| 015 |
|
|
|a SNBA2013
|
| 020 |
|
|
|a 9788022737678
|q (brož.)
|
| 035 |
|
|
|a 63E69CD3-A64A-4F75-A163-61855002FA88
|
| 035 |
|
|
|a urn:nbn:sk:snk-amjyb1
|
| 035 |
|
|
|a urn:nbn:sk:snk-am00805a
|
| 040 |
|
|
|a SNK
|b slo
|c SNK
|e AACR2
|
| 041 |
0 |
|
|a eng
|
| 044 |
|
|
|a xo
|c SK
|
| 072 |
|
7 |
|a 811.111
|x Angličtina
|2 konspekt
|
| 072 |
|
7 |
|a 69
|x Stavebníctvo
|2 konspekt
|
| 072 |
|
7 |
|a 37.016
|x Učebné osnovy. Vyučovacie predmety. Učebnice
|2 konspekt
|
| 080 |
|
|
|a 811.111
|2 2001
|
| 080 |
|
|
|a 69
|2 2001
|
| 080 |
|
|
|a 624
|2 2001
|
| 080 |
|
|
|a 81'373.46
|2 2001
|
| 080 |
|
|
|a (075.8)
|2 2001
|
| 080 |
|
|
|a (076.1)
|2 2001
|
| 100 |
1 |
|
|a Gambrill, Debra
|4 aut
|9 484386
|
| 245 |
1 |
0 |
|a Workbook for supplemental readings in civil engineering
|c Debra Gambrill
|
| 250 |
|
|
|a 1. vyd.
|
| 260 |
|
|
|a V Bratislave
|b Slovenská technická univerzita
|c 2012
|
| 300 |
|
|
|a 71 s.
|c 30 cm
|
| 504 |
|
|
|a Bibliogr. s. 71
|
| 546 |
|
|
|a Anglicko-slovenský slovník
|
| 650 |
0 |
7 |
|a angličtina
|2 SNKPH
|9 1260
|
| 650 |
0 |
7 |
|a stavebníctvo
|2 SNKPH
|9 726
|
| 650 |
0 |
7 |
|a stavebné inžinierstvo
|2 SNKPH
|9 67492
|
| 650 |
0 |
7 |
|a odborná terminológia
|2 SNKPH
|9 3616
|
| 650 |
0 |
7 |
|a English language
|2 SNKPHeng
|9 279139
|
| 650 |
0 |
7 |
|a Construction industry
|2 SNKPHeng
|9 265212
|
| 650 |
0 |
7 |
|a Civil engineering
|2 SNKPHeng
|9 274748
|
| 650 |
0 |
7 |
|a Terminology (professional)
|2 SNKPHeng
|9 90966
|
| 655 |
|
7 |
|a učebnice vysokých škôl
|2 SNKPH
|9 70191
|
| 655 |
|
7 |
|a Textbooks (higher)
|2 SNKPHeng
|9 276436
|
| 655 |
|
7 |
|a pracovné zošity
|2 SNKPH
|9 70188
|
| 655 |
|
7 |
|a Activity books
|2 SNKPHeng
|9 302885
|
| 810 |
2 |
|
|a Slovenská technická univerzita v Bratislave
|t Edícia skrípt
|9 180632
|
| 852 |
|
|
|a Štátna vedecká knižnica v Banskej Bystrici
|
| 919 |
|
|
|a 978-80-227-3767-8
|
| 958 |
|
|
|a NB
|
| 999 |
|
|
|c 752239
|d 754169
|
| 952 |
|
|
|a SNK
|b SNK
|y PREZ
|7 0
|p 17A1063293
|o snkSB 84568
|i snk2013/3885
|8 0
|0 0
|1 0
|4 0
|d 2013-02-18
|f 1
|l 0
|r 2025-05-07 00:00:00
|w 2026-02-23
|
| 952 |
|
|
|a SNK
|b SNK
|y VYP
|7 0
|p 17A1063294
|o snkSB 84568 D1
|i snk2013/3887
|8 0
|0 0
|1 0
|4 0
|d 2013-02-18
|l 0
|r 2016-06-30 00:00:00
|w 2026-02-23
|